| 000 | 00828cac a22002171u 4500 | ||
|---|---|---|---|
| 090 | _c6909 | ||
| 008 | 081116t2001 xxu||||| |||| 00| 0 eng d | ||
| 010 | _a00068106 | ||
| 020 | _a074562605X (alk. paper) | ||
| 082 | 0 | 0 |
_a178 _bROB |
| 100 | _aRobertson, A. F. | ||
| 245 | 1 | 0 |
_aGreed : _bgut feelings, growth, and history / _cA.F. Robertson. |
| 260 |
_aCambridge, UK : _bPolity Press ; _aOxford, UK ; _aMalden, MA : _bBlackwell Publishers, _c2001. |
||
| 300 |
_aix, 277 p. : _bill. ; _c24 cm. |
||
| 500 | _adistributer: Al-Ahram | ||
| 504 | _aIncludes bibliographical references (p. [245]-267) and index. | ||
| 511 | _acatalogued by: wessam | ||
| 650 | 0 | _aAvarice. | |
| 942 |
_cBB _k178ROB _2ddc |
||
| 999 |
_c6909 _d6909 |
||